000 00301nam a22001337a 4500
008 170612b xxu||||| |||| 00| 0 eng d
020 _a1555870406
041 _aeng
080 _a94(6)
100 _a17
101 _aSHH
245 _aDEMOCRACY IN DEVELOPING COUNTRIES
_cDIAMOND,L
942 _2udc
_cBK
999 _c16874
_d16874